Al pueblo nunca le toca / (Registro nro. 6994)

Detalles MARC
000 -LEADER
fixed length control field 00711cam a2200229 i 4500
003 - CONTROL NUMBER IDENTIFIER
control field OSt
005 - DATE AND TIME OF LATEST TRANSACTION
control field 20250429160648.0
008 - FIXED-LENGTH DATA ELEMENTS--GENERAL INFORMATION
fixed length control field 180813s1981 ck er 000 f spa d
040 ## - CATALOGING SOURCE
Original cataloging agency CO-BoPUJ
Transcribing agency CO-JMCR
041 0# - LANGUAGE CODE
Language code of text/sound track or separate title spa
082 04 - DEWEY DECIMAL CLASSIFICATION NUMBER
Classification number A-N
Item number SALa
Edition number 23
100 1# - MAIN ENTRY--PERSONAL NAME
Personal name Salom Becerra, Álvaro,
Relator term autor
9 (RLIN) 12112
245 10 - TITLE STATEMENT
Title Al pueblo nunca le toca /
Statement of responsibility, etc. Álvaro Salom Becerra
250 ## - EDITION STATEMENT
Edition statement Sexta edición.
260 #0 - PUBLICATION, DISTRIBUTION, ETC.
Place of publication, distribution, etc. Bogotá :
Name of publisher, distributor, etc. Ediciones Tercer Mundo,
Date of publication, distribution, etc. 1981.
300 ## - PHYSICAL DESCRIPTION
Extent 199 páginas ;
Dimensions 20 cm.
500 ## - GENERAL NOTE
General note Incluye datos biográficos del autor.
650 14 - SUBJECT ADDED ENTRY--TOPICAL TERM
Topical term or geographic name entry element Novela colombiana.
9 (RLIN) 12113
650 24 - SUBJECT ADDED ENTRY--TOPICAL TERM
Topical term or geographic name entry element Novela histórica.
Geographic subdivision Colombia
9 (RLIN) 12114
650 24 - SUBJECT ADDED ENTRY--TOPICAL TERM
Topical term or geographic name entry element Novela política.
Geographic subdivision Colombia
9 (RLIN) 12115
942 ## - ADDED ENTRY ELEMENTS (KOHA)
Source of classification or shelving scheme Dewey Decimal Classification
Koha item type Books
Existencias
Withdrawn status Lost status Source of classification or shelving scheme Damaged status Not for loan Collection code Home library Current library Shelving location Date acquired Source of acquisition Total Checkouts Total Renewals Full call number Barcode Date last seen Date last checked out Copy number Price effective from Koha item type
    Dewey Decimal Classification     Fiction Biblioteca Pública José María del Castillo y Rada Biblioteca Pública José María del Castillo y Rada Fiction 10/02/2020 Donación 1 2 A-N SALa 201810238 04/05/2023 03/06/2023 Ej.1 10/02/2020 Books